000 007360000a22002170004500
090 _aAR
_b03960
100 1 _aAmat García, Germán
_95379
700 1 _aFernández, Fernando
_91456
700 1 _aBernal, Juan
_997810
245 1 0 _aCaso de predación de hormigas cazadoras Ectatomma ruidum R. sobre abejas meliponinas del bosque húmedo tropical
300 _a43
650 1 4 _aDepredadores
_912708
650 1 4 _aInsectos
_992622
650 1 4 _aEtología
_97606
650 1 4 _aBosques
_992270
653 _gEctatomma
_eEctatomma ruidum
041 0 _aEspañol
260 _aCali
_bUniversidad del Valle
_c1995
942 _cARTICULO
773 1 _tUnión internacional para el estudio de los insectos sociales (IUSSI)
_kPrograma y resumenes
999 _c12994
_d12994